Statystyki dla Sanah

Kliknij tutaj aby rozwiązać quiz!

Ogólne statystyki

  • Ten quiz został rozwiązany 435 razy
  • Średni wynik to 10 z 15

Statystyki odpowiedzi

HintOdpowiedź% Poprawnych
A ten gość mówi coś - o co mu chodzi?szampan
94%
Sorka za ten telefon2:00
90%
Dejà vu, dejà vu mam dziśoczy
83%
A gdyby na parkiet ktośszary świat
83%
Codziennie narzekałam gdzie ten happy endale jazz
82%
Wszystko to co mamostatnia nadzieja
82%
Dla ciebie słowa nie znaczyły nicmelodia
74%
Jak kawałki porcelany kruszę sięcząstka
73%
Inne patrzą się tak piękniekrólowa dram
66%
A czy widział panproszę pana
65%
Obiecam ci że poradzę sobieto koniec
56%
Wszystko wali sięduszki
48%
Ty za to jakiś inny w oczachsiebie zapytasz
48%
Odejdź a będziemy kwitakoronki
38%
Kto wie czy mam powód by zostać tuidź
36%

Rozkład punktacji

Percentyl według liczby udzielonych odpowiedzi

Procent ludzi z każdym wynikiem

Twoja historia wyników

Nie rozwiązałeś tego quizu